The warrior code of India's sacred song /

Guardat en:
Dades bibliogràfiques
Autor principal: Smith, Mary Carroll
Format: Llibre
Idioma:English
Publicat: New York : Garland, 1992.
Col·lecció:Harvard dissertations in folklore and oral tradition
Matèries:
LEADER 01198nam a2200313 a 4500
001 c000021478
003 CARM
005 00000000000000.0
008 920117s1992 nyu b 000 0 eng
019 1 |a 8853483  |5 LACONCORD2021 
020 |a 0824028988 (alk. paper) :  |c $39.00 
035 |a (OCoLC)25246510  |5 LACONCORD2021 
043 |a a-ii--- 
050 0 0 |a BL1138.27  |b .S55 1992 
082 0 0 |a 294.5/923  |2 20 
100 1 |a Smith, Mary Carroll. 
245 1 4 |a The warrior code of India's sacred song /  |c Mary Carroll Smith. 
260 |a New York :  |b Garland,  |c 1992. 
300 |a 159 p. ;  |c 24 cm. 
440 0 |a Harvard dissertations in folklore and oral tradition 
500 |a Revision of thesis--Harvard University, 1972. 
504 |a Includes bibliographical references (p. 157-159). 
630 0 0 |a Mahabharata  |x Criticism, Form. 
650 0 |a Folk literature, Indic  |z India. 
650 0 |a Kshatriyas in literature. 
650 0 |a Indo-European philology. 
852 8 |b CARM  |h A2:AK35E0  |i C03684  |p 0195994  |f BK 
999 f f |i 3bcbf931-1491-539e-9962-963ec3032074  |s 2fea405b-2d00-564c-a9ba-80aa350a074d 
952 f f |p Can circulate  |a CAVAL  |b CAVAL  |c CAVAL  |d CARM 1 Store  |e C03684  |f A2:AK35E0  |h Other scheme  |i book  |m 0195994